000 01356na a2200337 4500
999 _c5866
_d5866
001 21366
003 MIRAKIL
005 20210215144417.0
008 170204b tu 000 0
040 _aMilas
_btur
_cTR-AnCHP
041 _atur
082 _aCHP 352.008
_bC3699b 2009
090 _aBROŞÜR 297
110 _aCumhuriyet Halk Partisi (CHP)
_bYerel Yönetim Birimi
245 _aBelediye başkanları el kitabı
_bHaziran 2009
_cCumhuriyet Halk Partisi Yerel Yönetim Birimi
246 _aCHP belediye ve il genel meclisi üyeleri el kitabı
260 _aAnkara
_bCHP Yerel Yönetim Birimi
_cHaziran 2009
300 _a124 s.
_c20 sm.
440 _aCHP Yerel Yöneti Birimi yayınları
_pEl kitapları
500 _a"Şimdi CHP zamanı"
610 _aCumhuriyet Halk Partisi (CHP)
_xBelediye meclis üyeleri
_yEl kitapları, vb.
610 _aCumhuriyet Halk Partisi (CHP)
_xYerel yönetimler
_yEl kitapları
650 _aBelediye başkanları
_xHukuk ve mevzuat
_zTürkiye
650 _aYerel yönetimler
_xHukuk ve mevzuat
_yEl kitapları, vb.
650 _aBelediyeler
_xHukuk ve mevzuat
_yEl kitapları, vb.
830 _aCHP yayınları
942 _2ddc
_cBKS
999 _d5866